| 000 | 01260nam a22002657a 4500 | ||
|---|---|---|---|
| 003 | OSt | ||
| 005 | 20210712142359.0 | ||
| 008 | 201820b ||||| |||| 00| 0 eng d | ||
| 020 | _a9789945443622 | ||
| 040 |
_aDO-SdBNP _bspa _cBNPHU |
||
| 082 | 4 |
_a747.047 _bB213e _222 |
|
| 110 | 2 |
_aBanco Central de la República Dominicana _bDepartamento Cultural _97006 |
|
| 245 | 1 | _aExposiciones temporales en el Museo Numismático y Filatélico, 2016-2018 / | |
| 260 |
_aSanto Domingo : _bBanco Central de la República Dominicana, _c2018. |
||
| 300 |
_a316 p. : _bil., _c23 cm. |
||
| 490 |
_a Banco Central de la República Dominicana ; _v224 |
||
| 490 |
_aNumismática y filatélica ; _v17 |
||
| 504 | _aBibliografía : p. 291-294 | ||
| 505 |
_aPresentación -- _tHistoria popular de la moneda dominicana -- _tHomenaje a Sánchez. Bicentenario de su natalicio (1817-2017) -- _tBanco Central de la República Dominicana -- _tLa mujer dominicana en la numismática y la filatelia nacionales -- |
||
| 590 | _aInventariado, 2020 / DG | ||
| 650 | 4 |
_aSellos Postales _zRepública Dominicana _vExposiciones _976966 _y2016-2018 |
|
| 650 | 4 |
_aNumismática _zRepública Dominicana _vExposiciones _x2016-2018 _978514 |
|
| 910 | _aValidado. Control de calidad MFF | ||
| 942 |
_2ddc _cLBS1 |
||
| 999 |
_c48924 _d48924 |
||